000 00694nam a2200181 a 4500
008 071123s1958 ||||||||||||||||| || u
050 _aN 5350 Smi
100 _aSmith, Stevenson W
245 1 4 _aThe art and architecture in ancient Egypt
_cEdited by W. Stevenson Smith
260 _aHammondsworth, Middlesex
_bPenguin
_c1958
300 _axxvii, 301p.: ill.
350 _a0.00
650 _aARCHITECTURE--EGYPT
650 _aEGYPT--ANTIQUITIES
650 _aART, EGYPTIAN
650 _aARCHITECTURAL DESIGN--EVALUATION
995 _D0.00
_FCBU-MAIN LIBRARY (Kitwe)
_H1
_I0.00
_M1
_UAVAILABLE
_WNov 23, 2007
_ZAnnex Low-Usage Collection
999 _c34847
_d34847